|
|
|
|
| LEADER |
00889cam a2200253 a 4500 |
| 001 |
0000078758 |
| 005 |
20100715090000.0 |
| 040 |
|
|
|a mod
|
| 041 |
|
|
|a eng
|
| 020 |
|
|
|a 0275978575
|
| 090 |
0 |
0 |
|a 958.1046
|b PEI
|e 2003
|
| 100 |
1 |
|
|a Peimani
|h Hooman
|
| 245 |
1 |
0 |
|a Falling terrorism and rising conflicts
|c Hooman Peimani
|
| 260 |
|
|
|a London
|b Praeger
|c 2003
|
| 300 |
|
|
|a 150 p.
|c 24 cm
|
| 500 |
|
|
|a Includes index
|
| 650 |
0 |
0 |
|a World politics
|y 1989-
|
| 650 |
0 |
0 |
|a War on terrorism, 2001-
|
| 651 |
0 |
0 |
|a Afghanistan
|x History
|y 2001-
|
| 852 |
0 |
0 |
|a 01
|
| 999 |
|
|
|a 0240860
|b SPPTD
|d BOOKS
|e Umum
|f SPPTD
|j AVAILABLE
|q GOOD CONDITION
|
| 999 |
|
|
|a 0273825
|b PPM
|d BOOKS
|e Umum
|f PPM(Pusat Pengaman Malaysia) dulu PLPM
|j AVAILABLE
|q GOOD CONDITION
|
| 999 |
|
|
|a 0282275
|b KEMENTAH
|d BOOKS
|e Umum
|f Perpustakaan KEMENTAH
|j AVAILABLE
|q GOOD CONDITION
|
| 999 |
|
|
|a B000001184
|b SPPTD
|d BOOKS
|e Umum
|f SPPTD
|j AVAILABLE
|q GOOD CONDITION
|